00340nam a2200145Ia 450000500170000000800410001704100080005808200130006610000120007924500210009126000450011230000090015765000140016670000140018020250729165410.0250729s2005 xx 000 0 und d aeng a370 RAOP aRao V K aParent Education aNew DelhibCommonwealth Publishersc2005 a264p aEducation aReddy R S